000 01088nam a2200253Ia 4500
999 _c41610
_d41610
001 8279
003 GE_BSU
005 20240425154139.0
008 181216s2005||||ge |||||||||||||| ||geo||
020 _a15122247
040 _cGE_BSU
041 _ageo
080 _a821.161.1-1+821.111.1 ა-96
245 _aახალი თარგმანები. 5. /
_c[მთ. რედ. ბესო ხვედელიძე, რედ. ანა აბაშვილი].
264 _aთბილისი :
_bდიოგენე,
_c2005.
300 _a244 გვ. ;
_c24 სმ.
490 _aლიტერატურული ალმანახი "ახალი თარგმანები"
_v5
541 _h10ლ.
653 _aახალი თარგმანები
653 _aლიტერატურული ალმანახი
700 _aხვედელიძე, ბესო
_eმთ. რედაქტორი
_921942
700 _aჭაბაშვილი, ანა
_eრედაქტორი
_9995
942 _cBK
_2udc